000 00767nam a22002177a 4500
005 20240530110436.0
008 150408s2012 ua g 000 0 ara d
017 _a2011/19327
_bمصر . دار الكتب المصرية
020 _a9789774277061
040 _aEG-CaGPL
082 0 4 _221
_a813.081\
_bع ع
100 0 _aعبدالتواب يوسف.
245 1 0 _aعظيمة يا مصر :
_bوشعر قصص اخرى /
_cعبدالتواب يوسف.
250 _aط1.
260 _aالقاهرة :
_bالدار المصرية اللبنانية ،
_c2012.
300 _a103 ص؛
_c20 سم.
650 0 4 _aالقصص العربية القصيرة.
650 0 4 _aالقصص الوطنية.
942 _2ddc
_cBK
999 _c60952
_d60952